=LDR 00000nam 2200000 4500 =001 INLIS000000000033197 =005 20130612135151 =008 ***********************************ind** =035 ##$$0010-061300000033197 =041 ##$$a ind =082 ##$$a 342 =090 ##$$a 342, Yuh s =100 ##$$a YUHANA, Abdy, SH, MH =245 ##$$a Sistem Ketatanegaraan Indonesia Pasca Perubahan UUD 1945 : Sistem Perwakilan di Indonesia dan Masa Depan MPR RI / Abdy Yuhana, SH, MH =260 ##$$a 2007 $b Bandung =300 ##$$a xvi, 214 hlm, ilus, 24 cm =650 ##$$a Hukum Tata Negara =850 ##$$a NBPNMAT =990 ##$$a 94397/BPAP-NTB/2014 =990 ##$$a 0001/BPAP-NTB/20142014 =990 ##$$a 0001/BPAP-NTB/20142015